|
|
|
|
| LEADER |
00000nab a2200000 a 4500 |
| 001 |
vtls001495176 |
| 003 |
SK-MaSNL |
| 005 |
20260304133542.0 |
| 008 |
141112c2003 xo 0 slo |
| 015 |
|
|
|a SNBCL2005/2
|
| 040 |
|
|
|a SLKCL
|b slo
|c SNKBUCL
|e AACR2
|
| 041 |
|
|
|a slo
|
| 044 |
|
|
|a xo
|c SK
|
| 080 |
|
|
|a 615.814.1:061.3
|2 1981
|
| 100 |
1 |
|
|a Bangha, Ondrej,
|d 1946-2023
|4 aut
|9 255764
|
| 245 |
1 |
0 |
|a Dlhodobá nízkofrekvenčná elektrostimulácia ušnice
|c O. Bangha
|
| 650 |
0 |
7 |
|a akupunktúra
|2 snkbucl
|9 2623
|
| 650 |
0 |
7 |
|a abstrakty z kongresu
|2 MESH
|9 168204
|
| 650 |
0 |
7 |
|a ušnica
|2 snkbucl
|9 223583
|
| 711 |
1 |
|
|a Congressus acupuncturae Bohemiae et Slovacae cum participatione internationali
|n (22. :
|d 2003 :
|c Brno, Česko)
|4 aut
|9 91274
|
| 773 |
0 |
|
|t Acupunctura Bohemo Slovaca
|g Roč. 10, č. 3 (2003), s. 11
|x 1335-5627
|
| 850 |
|
|
|a Slovenská lekárska knižnica v Bratislave
|a BA006
|
| 852 |
|
|
|a BA006
|b KIS3GCP
|b 000500000
|
| 999 |
|
|
|c 2902214
|d 2904144
|